000 01667cam a22004814i 4500
003 PE-LiUPU
005 20250731173359.0
008 150706s2004 is r 000 0 eng d
020 _a9659064217
035 _a(Sirsi) i9789659064212
040 _aPE-LiUPU
_bspa
_cPE-LiUPU
_erda
049 _aPRUA
082 0 4 _a220.44
_bJ43
_221
110 2 _aHebrew Universiti of Jerusalem
130 _aBiblia.
_f2004.
_lhebreo.
_sJerusalem Crown.
245 1 0 _aJerusalem Crown :
_bThe Bible of the Hebrew University of Jerusalem.
250 _a2a.
264 1 _aJerusalem :
_bN.Ben-Zvi Printing Enterprises Ltd.,
_c2004.
300 _a874 páginas ;
_c24centímetros
336 _atext
_2rdacontent
337 _aunmediated
_2rdamedia
338 _avolume
_2rdacarrier
505 0 _aBiblia en Hebreo.
526 _aSEG42
526 _aSEG41
526 _aSEG40
526 _aSEG39
526 _aP94
526 _aP87
526 _aP86
526 _aP85
526 _aP77
526 _aP76
526 _aP35
541 _g001-0000490;
630 _aBiblia.
_f2004.
_lHebreo.
_sJerusalem Crown.
910 _agl
_bjck
_d20101223
942 _2ddc
_cBOOK
949 _a220.44 J43
_wDEWEY
_c1
_i62451
_d2016-10-5
_e2016-9-29
_lCCODEBUL1
_mBUL
_n4
_p91.00
_r0
_sY
_tBOOK
_u2015-7-6
_xTEOLOGIA
_PP35
_0COMPRA
_o.STAFF. Colección General
994 _aC0
_bPEPRU
596 _a1
999 _a220.44 J43
_wDEWEY
_c51495
_i62451
_d51495
_e2016-9-29
_f2021-11-9
_g5
_lCCODEBUL1
_mBUL
_n4
_p91.00
_q4
_r0
_sY
_tBOOK
_u2015-7-6
_xTEOLOGIA
_PP35
_0COMPRA
_o.STAFF. Colección Teología
980 _81
_gALBERTO SANCHEZ Responsable de Automatización